Um dia minha alma se abriu por inteiro (Record no. 74362)

MARC details
000 -LÍDER
campo de controle de tamanho fixo 00417 a2200169 4500
001 - NÚMERO DE CONTROLE
campo de controle 74362
020 ## - ISBN - INTERNATIONAL STANDARD BOOK NUMBER
ISBN - International Standard Book Number 8586796-42-5
040 ## - FONTE DA CATALOGAÇÃO
Instituição que transcreveu o registro Anchieta - Colégio São Paulo
100 ## - ENTRADA PRINCIPAL--NOME PESSOAL
Nome pessoal Vanzant, Iyanla
240 10 - TÍTULO UNIFORME
Título uniforme Um dia minha alma se abriu por inteiro
Idioma da obra por
245 10 - TÍTULO
Título Um dia minha alma se abriu por inteiro
300 ## - DESCRIÇÃO FÍSICA
Extensão 301
362 0# - DATAS DE PUBLICAÇÃO E/OU DESIGNAÇÃO SEQUENCIAL
Datas de publicação e/ou designação sequencial 2000
440 #1 - DECLARAÇÃO DE SÉRIE/ENTRADA ADICIONADA--TÍTULO
Título Sextante
650 #4 - ASSUNTO--TERMO TÓPICO
Cabeçalho tópico ou nome geográfico Psicologia aplicada
942 ## - ELEMENTOS DE ENTRADA ADICIONADOS (KOHA)
Tipo de material Koha Livros
Holdings
Situação do descarte Situação das perdas Situação física Não pode ser emprestado Biblioteca de origem Biblioteca atual Data de aquisição Total de empréstimos Número de chamada completo Código de barras Data de último acesso Data do preço efetivo Tipo de material Koha
        Colégio São Paulo Colégio São Paulo 22/11/2023   158 V285d 4963/CSP 22/11/2023 22/11/2023 Livros